| 000 | 00352 a2200145 4500 | ||
|---|---|---|---|
| 001 | 181534 | ||
| 020 | _a | ||
| 040 | _cMagnum | ||
| 100 | _aTorres, Artur de Almeida | ||
| 240 | 1 | 0 |
_aGramatica elementar da lingua portuguesa _lpor |
| 245 | 1 | 0 | _aGramatica elementar da lingua portuguesa |
| 362 | 0 | _a1899 | |
| 697 | _aMAGNITO: GRAMATICA | ||
| 942 | _cBK | ||
| 999 |
_c181534 _d181534 |
||